La esencia social del hombre: Lo social considerado como factor condicionante en el fenómeno salud y enfermedad
Gardado en:
| Autor Principal: | |
|---|---|
| Formato: | Texto |
| Materias: | |
| Etiquetas: |
Engadir etiqueta
Sen Etiquetas, Sexa o primeiro en etiquetar este rexistro!
|
MARC
| LEADER | 00000 a a2200000 04500 | ||
|---|---|---|---|
| 001 | 47574 | ||
| 003 | |||
| 040 | |||
| 090 | |a REV0857 | ||
| 100 | |a Capote Mir, Roberto | ||
| 245 | |a La esencia social del hombre: |b Lo social considerado como factor condicionante en el fenómeno salud y enfermedad |c Roberto Capote Mir | ||
| 650 | |a ASPECTOS SOCIALES | ||
| 650 | |a SALUD | ||
| 650 | |a ENFERMEDAD | ||
| 650 | |a DESARROLLO CIENTIFICO | ||
| 773 | |g volumen7, número18, enero-abril (1981) | ||
| 999 | |c 23467 |d 23467 | ||
